000 00357nam a2200133Ia 4500
008 150202s9999 xx 000 0 und d
020 _a380699222
050 _aFIC
_bFIC
100 _aHayden, Torey.
245 4 _aThe sunflower forest /
_cTorey Hayden.
260 _aNew York :
_bAvon Books,
_c1984.
300 _a436 pages :
_c18 cm.
650 _aFiction.
999 _c282093
_d282093